Crustal structure and earthquake hazards of the subduction zone in southwestern British Columbia and western Washington / (Record no. 197835)
[ view plain ]
| 000 -LEADER | |
|---|---|
| fixed length control field | 01835cam a2200397 a 4500 |
| 001 - CONTROL NUMBER | |
| control field | 000532483 |
| 003 - CONTROL NUMBER IDENTIFIER | |
| control field | AM-YeHGA |
| 005 - DATE AND TIME OF LATEST TRANSACTION | |
| control field | 20250617135320.0 |
| 008 - FIXED-LENGTH DATA ELEMENTS--GENERAL INFORMATION | |
| fixed length control field | 051206s2005 vauab ||b|||f000|0|eng|d |
| 020 ## - INTERNATIONAL STANDARD BOOK NUMBER | |
| International Standard Book Number | 1411306732 |
| 040 ## - CATALOGING SOURCE | |
| Original cataloging agency | AM-YeHGA |
| 041 ## - LANGUAGE CODE | |
| Language code of text/sound track or separate title | eng |
| 042 ## - AUTHENTICATION CODE | |
| Authentication code | pcc |
| 043 ## - GEOGRAPHIC AREA CODE | |
| Geographic area code | n-usp-- |
| -- | n-cn-bc |
| 086 0# - GOVERNMENT DOCUMENT CLASSIFICATION NUMBER | |
| Classification number | I 19.16:1661-C |
| 074 ## - GPO ITEM NUMBER | |
| GPO item number | 0624 |
| 090 ## - LOCALLY ASSIGNED LC-TYPE CALL NUMBER (OCLC); LOCAL CALL NUMBER (RLIN) | |
| -- | 199315 |
| 245 00 - TITLE STATEMENT | |
| Title | Crustal structure and earthquake hazards of the subduction zone in southwestern British Columbia and western Washington / |
| Statement of responsibility, etc. | By Michael A. Fisher ... et al. |
| 260 ## - PUBLICATION, DISTRIBUTION, ETC. | |
| Place of publication, distribution, etc. | Reston, Va. : |
| Name of publisher, distributor, etc. | U.S. Dept. of the Interior, U.S. Geological Survey |
| Place of publication, distribution, etc. | Denver, CO. : |
| Name of publisher, distributor, etc. | U.S. Geological Survey Information Services [distributor], |
| Date of publication, distribution, etc. | 2005. |
| 300 ## - PHYSICAL DESCRIPTION | |
| Extent | iv, 28 p. : |
| Other physical details | ill. (some col.), maps (some col.) ; |
| Dimensions | 28 cm. |
| 440 #0 - SERIES STATEMENT/ADDED ENTRY--TITLE | |
| Title | Earthquake hazards of the Pacific Northwest coastal and marine regions |
| 490 1# - SERIES STATEMENT | |
| Series statement | Professional paper |
| Volume/sequential designation | 1661-C |
| 500 ## - GENERAL NOTE | |
| General note | "Earthquakes pose a serious hazard for urban areas of the Pacific Northwest. Marine geophysical data probe earthquake source regions and can help spur preparedness for possible major disasters." |
| 500 ## - GENERAL NOTE | |
| General note | Three maps on 3 folded plates in pocket. |
| 500 ## - GENERAL NOTE | |
| General note | Shipping list no.: 2006-0080-P. |
| 504 ## - BIBLIOGRAPHY, ETC. NOTE | |
| Bibliography, etc. note | Includes bibliogr. references (p. 23-28). |
| 650 #0 - SUBJECT ADDED ENTRY--TOPICAL TERM | |
| Topical term or geographic name entry element | Seismic prospecting |
| Geographic subdivision | Northwest, Pacific. |
| 650 #0 - SUBJECT ADDED ENTRY--TOPICAL TERM | |
| Topical term or geographic name entry element | Earthquakes |
| Geographic subdivision | Northwest, Pacific. |
| 650 #0 - SUBJECT ADDED ENTRY--TOPICAL TERM | |
| Topical term or geographic name entry element | Geology, Structural |
| Geographic subdivision | British Columbia |
| -- | Pacific Coast. |
| 650 #0 - SUBJECT ADDED ENTRY--TOPICAL TERM | |
| Topical term or geographic name entry element | Geology, Structural |
| Geographic subdivision | Washington (State) |
| -- | Pacific Coast. |
| 650 #0 - SUBJECT ADDED ENTRY--TOPICAL TERM | |
| Topical term or geographic name entry element | Subduction zones |
| Geographic subdivision | Northwest, Pacific. |
| 700 1# - ADDED ENTRY--PERSONAL NAME | |
| Personal name | Fisher, Michael A. |
| 710 2# - ADDED ENTRY--CORPORATE NAME | |
| Corporate name or jurisdiction name as entry element | Geological Survey (U.S.) |
| 830 #0 - SERIES ADDED ENTRY--UNIFORM TITLE | |
| Uniform title | U.S. Geological Survey professional paper ; |
| Volume/sequential designation | 1661-C. |
| 856 41 - ELECTRONIC LOCATION AND ACCESS | |
| Operating system | Table of contents only |
| Uniform Resource Identifier | <a href="http://www.loc.gov/catdir/toc/fy0701/2005452556.html">http://www.loc.gov/catdir/toc/fy0701/2005452556.html</a> |
| Withdrawn status | Lost status | Damaged status | Not for loan | Collection | Home library | Current library | Date acquired | Cost, normal purchase price | Inventory number | Shelving control number | Total checkouts | Full call number | Barcode | Date last seen | Price effective from | Koha item type | Public note |
|---|---|---|---|---|---|---|---|---|---|---|---|---|---|---|---|---|---|
| General | Fundamental Scientific Library | Fundamental Scientific Library | 28/12/2016 | 1000.00 | ПИ 11/1661-C | ПИ 11/1661-C | FL0003011 | 28/12/2016 | 28/12/2016 | Գրքեր / Books | 30 Days Loan |
ՀՀ Գիտությունների ազգային ակադեմիայի հիմնարար գիտական գրադարան = Fundamental Scientific Library of NAS RA
All site content, except where otherwise noted, is licensed under a